| 000 | 00559nam a22002057a 4500 | ||
|---|---|---|---|
| 008 | 150601b xxu||||| |||| 00| 0 eng d | ||
| 020 | _a0324186266 | ||
| 020 | _a0324272200 (CDROM) | ||
| 041 | 0 | _aeng | |
| 080 | _a336 | ||
| 100 | 1 | _aMadura, Jeff. | |
| 245 | 1 | 0 |
_aIntroduction to business / _cJeff Madura. |
| 250 | _a3e [ed.]. | ||
| 260 |
_aBelmont, CA : _bThompson/South-Western, _cc2004. |
||
| 300 |
_a716 f. : _bme il.; _c29 cm. +e 1 CD-ROM (4 3/4 in.) |
||
| 505 | _aIndex: f.711-715 | ||
| 650 | 0 | _aOrganizimi | |
| 650 | 0 | _aIndustrial | |
| 942 |
_2udc _cBK |
||
| 999 |
_c928 _d928 |
||